| 000 | 00556nam a22001457a 4500 | ||
|---|---|---|---|
| 003 | macl | ||
| 005 | 20190320170854.0 | ||
| 008 | 190320b xxu||||| |||| 00| 0 eng d | ||
| 040 | _cmacl | ||
| 100 |
_aबंद्याेपाध्याय,विभ्ाूतिभूषण _973881 |
||
| 245 | _aविभूतिभूषण की अरण्यगाथा खण्ड-२ | ||
| 260 |
_aनई दिल्ली _bसाहित्य अकादेमी _c2015 |
||
| 650 |
_aरचनावली _9163 |
||
| 942 |
_2ddc _cHIN |
||
| 999 |
_c59066 _d59066 |
||